000
00302nam a22001217a 4500
003
SGT
082
_a
954
_b
T87C
100
_a
CHATURVEDI, T.N.
245
_a
THE INDIAN JOURNAL OF PUBLIC ADMINISTRATION
260
_b
THE INDIAN INSTITUTE OF PUBLIC ADMINISTRATION
_c
1987
300
_a
831
942
_2
ddc
_c
BK
999
_c
29282
_d
29282